Quizzes
Events
Quiz Creation
Community
Videos
Private Events
Remove Ads
Sign In
Join for FREE
Feedback
Dark Mode
Quiz Categories
Sports
Geography
Music
Movies
Television
Just For Fun
Miscellaneous
History
Literature
Language
Science
Gaming
Entertainment
Religion
Holiday
For Kids
Quiz Lab
Recent
Popular Today
Quiz Kudos Today
Editor Picks
Curator Picks
Quizzes by...
Day
Popularity
Type
Ratings
Length
Year
Community
Subscriptions
Recent Discussions
Orange Saloon
Badges
Playlists
Quests
Create
Leaderboards
Showdown
Live 5
Trivia Bingo
Activity
Puzzle Library
Sporcle Events
Private Events
Virtual Trivia
Globe League
Become a Host
Pub Owners
SporcleCon
Opinionation
Our Games
Videos
Blog
Mobile Apps
Partnerships
Remove Ads and Go Orange
Feedback
Music
Pop Music
The Beatles
Song
Album
Lyrics
Bands
Singers
Artist
Clip
Rock
Rap
Classical
Billboard
Country Music
Kpop
Taylor Swift
Music
Pop Music
The Beatles
Song
Album
Lyrics
Bands
Singers
Artist
Clip
Rock
Rap
Classical
Billboard
Country Music
Kpop
Taylor Swift
Random Quiz
Search Sporcle
×
Curator Pick
Curator Pick
Music
Clickable
Select answers by clicking on text or image buttons
Select answers by clicking on text or image buttons
Clickable
Best Score? Go Orange.
50 Songs By: David Bowie Stats
Can you pick the 50 Songs By: David Bowie?
By
Project50Songs
10m
50 Questions
2,510 Plays
2,510 Plays
2,510 Plays
Comments
Comments
Give Quiz Kudos
Give Quiz Kudos
-
- Ratings
hide this ad
Replay
Link that replays current quiz
Next Quiz
Link to next quiz in quiz playlist
You Got
0%
They Got
Avg Score
77%
Avg Friend Score
Upgrade to see
Score Distribution
Jump to the score distribution portion of the page
Score
0/50
Timer
10:00
0
Plays Today
% Correct
China Girl
96.9%
Changes
96.5%
Ashes To Ashes
95.5%
Space Oddity
94.9%
Let's Dance
94.7%
Heroes
94.4%
Life On Mars?
94.3%
Diamond Dogs
94.3%
Under Pressure (ft. Queen)
94%
The Man Who Sold The World
94%
Starman
93.7%
Rebel Rebel
93.5%
Aladdin Sane
92.8%
Young Americans
92.7%
Golden Years
92.6%
Fame
92.6%
Jean Genie
92.5%
Modern Love
91.5%
Scary Monsters (And Super Creeps)
90.5%
Blue Jean
89%
Absolute Beginners
88.6%
Rock N Roll Suicide
88.2%
John I'm Only Dancing
88%
Sound And Vision
87.8%
Fashion
87.6%
% Correct
Cat People (Putting out The Fire)
86.4%
Drive-In Saturday
83.1%
Boys Keep Swingin'
81.5%
Loving The Alien
78.6%
Wild Is The Wind
75.7%
Beauty And The Beast
75.5%
The Laughing Gnome
74.7%
Thursday's Child
71.5%
Breaking Glass
71.4%
The Next Day
70.1%
DJ
68.3%
Jump They Say
65.8%
Up The Hill Backwards
65.1%
Tonight
65%
Seven Years In Tibet
65%
Day-In Day-Out
64.9%
Time Will Crawl
63.9%
The Heart's Filthy Lesson
57.8%
Alabama Song
53.6%
Knock On Wood
50.5%
It Ain't Easy
49.7%
Baal's Hymn
45.2%
Miracle Goodnight
45.2%
Real Cool World
41.1%
Survive
34.5%
Quiz Playlist
Details
Report
Send in Message
Add To Playlist
Clickable:
Select answers by clicking on text or image buttons
Last Updated: Feb 25, 2017
Curator Pick in
Singers
Quiz Scoreboard
CHALLENGE
Sign Up to Join the Scoreboard
Show All
Scores
Hide
Comments
May contain spoilers
Recently Published
Billboard Blitz: Fleetwood Mac
by CooCooCachoo
Music
15s
Presidents Visiting Landmarks
by Hejman
History
7m
An Introduction to Baseball
by treessimontrees
Sports
5m
More to Explore
Quiz From the Vault
Featured Blog Post
Where Did the Easter Bunny Come From?
hide this ad
You Might Also Like...
Tags
Clickable Quiz
Singers Quiz
Song Quiz
Bowie
David
Today's Top Quizzes in Music
Browse Music
hide this ad
Today's Top Quizzes in Clickable
Browse Clickable
Top Contributed Quizzes in Music
1
Taylor Swift All Songs (2024)
2
Guess the Artist- 70s Songs
3
7-to-1: Billboard Hot 100 #1 Hits of 2010s
4
Sorting Albums and Songs
5
Taylor Swift Logic Puzzle
6
One Thing in Common: Music
7
2010s Album by Cover III
8
KPOP LOGIC QUIZ
9
Guess the Taylor Swift song (Mystery Song)
10
Guess the Artist- 80s Songs
Explore More
Trending Topics
Marvel
Crossword
Harry Potter
Kpop
Anime
NBA
Disney
Puzzle
Country
Song
The Office
Pokémon
WWE
NFL
Soccer
hide this ad
More By:
Project50Songs
Quiz
Plays
Rating
Category
Featured
Created
50 Songs By: The Police
688
4.33
Music
Jul 4, 2014
50 Songs: A Load Of 'BS'
27,373
4.52
Music
Apr 20, 2015
50 Songs By: Metallica
9,319
4.50
Music
Aug 3, 2013
50 Songs By: Slipknot
8,378
4.56
Music
Jun 7, 2014
50 Songs By: Fall Out Boy
8,344
4.82
Music
Aug 7, 2013
50 Songs By: Iron Maiden
7,650
4.78
Music
Jun 3, 2014
Go to Creator's Profile
Score Distribution
Quiz Creator Spotlight
Project50Songs
Follow
Send a Message
Quizzes Created
-
Created Quiz Play Count
-
More By This Creator
Popular Quizzes Today
1
Find the US States - No Outlines Minefield
2
Find the Countries of Europe - No Outlines Minefield
3
The Countries of the World
4
Find the US States
5
Popular People in 1961
6
US States
7
Risky Map Clicking: Biggest States A-Z
8
Movies - When Are They Set?
More Music Quizzes
What's That Band's Greatest Song?
Published
Trending Quizzes
Risky Map Clicking: Least Populous States A-Z
1-10 Letter G Words
1-10 Letter F Words
Risky Map Clicking: Next State Alphabetically
'A' Boys' Names Grid
Recently Updated
Leaping Animals
pecheneg
Reality TV Shows (A-Z)
bhenderson79
Rickey Henderson's Hall of Fame Teammates
pecheneg
Champions League XIs: Arsenal
pecheneg
Quick Pick: Celebrities in WWE's Hall of Fame
aduchscher
A-Z Keypad Blitz II
pecheneg
Multiple Oscar Actors
pecheneg
Mystery Phrase Blitz: Oscar 'Best Actors'
pecheneg
F. Scott Fitzgerald Novels
LTH
Pick 3 Villains
ddd62291
Trending Topics
Disney
Crossword
Kpop
NBA
Harry Potter
Anime
Marvel
Puzzle
NFL
The Office
Pokémon
Soccer
Song
WWE
Country
Your Account Isn't Verified!
In order to create a playlist on Sporcle, you need to verify the email address you used during registration. Go to your
Sporcle Settings
to finish the process.
Report this User
Report this user for behavior that violates our
Community Guidelines
.
Details:
Send Report
Go to the Sporcle.com Mobile Site →
Comments